British history for the C.S.E. year / (Record no. 133751)
[ view plain ]
| 000 -LEADER | |
|---|---|
| fixed length control field | 00801nam a22002657a 4500 |
| 003 - CONTROL NUMBER IDENTIFIER | |
| control field | dpl |
| 005 - DATE AND TIME OF LATEST TRANSACTION | |
| control field | 20210302114525.0 |
| 008 - FIXED-LENGTH DATA ELEMENTS--GENERAL INFORMATION | |
| fixed length control field | 210302b ||||| |||| 00| 0 eng d |
| 010 ## - LIBRARY OF CONGRESS CONTROL NUMBER | |
| LC control number | 987238 |
| 020 ## - INTERNATIONAL STANDARD BOOK NUMBER | |
| Terms of availability | 10.92 |
| 035 ## - SYSTEM CONTROL NUMBER | |
| System control number | 987238 |
| 037 ## - SOURCE OF ACQUISITION | |
| Source of stock number/acquisition | Cen Lib/Ret |
| 040 ## - CATALOGING SOURCE | |
| Original cataloging agency | DPL |
| Language of cataloging | EN |
| Transcribing agency | DBAD/PUB |
| 082 ## - DEWEY DECIMAL CLASSIFICATION NUMBER | |
| Classification number | 942 |
| Item number | WHI |
| 100 ## - MAIN ENTRY--PERSONAL NAME | |
| Personal name | Whiteford, J. Lockhrat |
| 9 (RLIN) | 91989 |
| 245 ## - TITLE STATEMENT | |
| Title | British history for the C.S.E. year / |
| Statement of responsibility, etc | by J. Lockhart Whiteford; illustrated by Dean mitchell |
| 260 ## - PUBLICATION, DISTRIBUTION, ETC. (IMPRINT) | |
| Place of publication, distribution, etc | Hamilton |
| Name of publisher, distributor, etc | E.J. arnold and sons |
| Date of publication, distribution, etc | 1965 |
| 270 ## - ADDRESS | |
| City | Hamilton |
| 300 ## - PHYSICAL DESCRIPTION | |
| Extent | 220p.: |
| Dimensions | 21cm(Hb) |
| Other physical details | ill. |
| 500 ## - GENERAL NOTE | |
| General note | Includes index |
| 650 ## - SUBJECT ADDED ENTRY--TOPICAL TERM | |
| Topical term or geographic name as entry element | History |
| Geographic subdivision | Britain |
| 9 (RLIN) | 18811 |
| 650 ## - SUBJECT ADDED ENTRY--TOPICAL TERM | |
| Topical term or geographic name as entry element | Civilization |
| Geographic subdivision | Britain |
| 9 (RLIN) | 91990 |
| 700 ## - ADDED ENTRY--PERSONAL NAME | |
| Personal name | Mitchell, Dean |
| 9 (RLIN) | 38819 |
| 942 ## - ADDED ENTRY ELEMENTS (KOHA) | |
| Source of classification or shelving scheme | Dewey Decimal Classification |
| Koha item type | English Books |
| Classification part | 942 |
| Call number suffix | WHI |
| Withdrawn status | Lost status | Source of classification or shelving scheme | Damaged status | Not for loan | Home library | Current library | Date acquired | Source of acquisition | Cost, normal purchase price | Total Checkouts | Total Renewals | Full call number | Barcode | Date last seen | Date checked out | Copy number | Cost, replacement price | Price effective from | Koha item type |
|---|---|---|---|---|---|---|---|---|---|---|---|---|---|---|---|---|---|---|---|
| Lost and Paid For | Dewey Decimal Classification | Central Library | Central Library | 27/07/2015 | Cen Lib/Ret | 10.92 | 4 | 3 | 942 WHI | 987238 | 19/11/2024 | 16/02/2020 | 1 | 10.92 | 27/07/2015 | English Books |
